000 00867cab a2200265 4500
001 WB3203-01
008 090401t1996 xxu||||| |||| 00| 0 eng d
035 _a(Sirsi) u1765
041 _aeng
245 _aLeasehold sale prompts sale room caution
260 _c1996
350 _a0
490 _aEstates Gazette
_v(9602) 13 January 1996, 74(1)
520 _aAuctioneers are advised to be careful when offering occupied blocks of flats for sale, following a fresh claim by residents that they were not given first refusal.
650 _aBLOCKS OF FLATS
650 _aFREEHOLD
650 _aLANDLORD AND TENANT ACT 1987
650 _aLEASEHOLD ENFRANCHISEMENT
650 _aRIGHT OF FIRST REFUSAL
650 _aSALE OF PROPERTY
690 _aAuctioneering
_96218
690 _aLANDLORD AND TENANT-LEASEHOLD REFORM
942 _n0
948 _c04/03/1997
999 _c1015
_d1015